5HLuxD.jpg

KING HENRY VIII SENIOR AND PRIMARY SCHOOL LIBRARY OPAC

Exploring ancient Greece / (Record no. 1497)

000 -LEADER
fixed length control field 01691cam a2200349 i 4500
001 - CONTROL NUMBER
control field 19338188
003 - CONTROL NUMBER IDENTIFIER
control field OSt
005 - DATE AND TIME OF LATEST TRANSACTION
control field 20221230162015.0
008 - FIXED-LENGTH DATA ELEMENTS--GENERAL INFORMATION
fixed length control field 161017s2018 mnuab j b 001 0 eng
010 ## - LIBRARY OF CONGRESS CONTROL NUMBER
LC control number 2016047641
020 ## - INTERNATIONAL STANDARD BOOK NUMBER
International Standard Book Number 9781632355287 (pbk. : alk. paper)
040 ## - CATALOGING SOURCE
Original cataloging agency DLC
Language of cataloging eng
Transcribing agency DLC
Description conventions rda
Modifying agency DLC
-- KH8
042 ## - AUTHENTICATION CODE
Authentication code pcc
043 ## - GEOGRAPHIC AREA CODE
Geographic area code e-gr---
082 00 - DEWEY DECIMAL CLASSIFICATION NUMBER
Classification number 938 YAS
Edition number 23
100 1# - MAIN ENTRY--PERSONAL NAME
Personal name Yasuda, Anita,
Relator term author.
245 10 - TITLE STATEMENT
Title Exploring ancient Greece /
Statement of responsibility, etc. by Anita Yasuda.
264 #1 - PRODUCTION, PUBLICATION, DISTRIBUTION, MANUFACTURE, AND COPYRIGHT NOTICE
Place of production, publication, distribution, manufacture Mankato, MN :
Name of producer, publisher, distributor, manufacturer 12 Story Library,
Date of production, publication, distribution, manufacture, or copyright notice [2018]
300 ## - PHYSICAL DESCRIPTION
Extent 32 pages :
Other physical details illustrations, map ;
Dimensions 24 cm.
336 ## - CONTENT TYPE
Content type term text
Content type code txt
Source rdacontent
337 ## - MEDIA TYPE
Media type term unmediated
Media type code n
Source rdamedia
338 ## - CARRIER TYPE
Carrier type term volume
Carrier type code nc
Source rdacarrier
490 0# - SERIES STATEMENT
Series statement Exploring ancient civilizations
504 ## - BIBLIOGRAPHY, ETC. NOTE
Bibliography, etc. note Includes bibliographical references (page 31) and index.
505 0# - FORMATTED CONTENTS NOTE
Formatted contents note The Minoan and Mycenaeans influenced ancient Greece -- The greeks created cities and colonies -- Sparta was powerful -- City-states held regular festivals -- Myths explained the world -- Athenians built the Parthenon -- Democracy began in Greece -- The Greeks loved to watch plays -- Greek philosophers figured things out -- Ancient greeks advanced science -- Wars divided Greece -- Ancient Greece changed the world.
521 0# - TARGET AUDIENCE NOTE
Target audience note Grade 4 to 6.
651 #0 - SUBJECT ADDED ENTRY--GEOGRAPHIC NAME
Geographic name Greece
General subdivision Civilization
Chronological subdivision To 146 B.C.
Form subdivision Juvenile literature.
776 08 - ADDITIONAL PHYSICAL FORM ENTRY
Relationship information Online version:
Main entry heading Yasuda, Anita, author.
Title Exploring ancient Greece
Place, publisher, and date of publication Mankato, MN : 12 Story Library, 2018
International Standard Book Number 9781621435808
Record control number (DLC) 2016048017
906 ## - LOCAL DATA ELEMENT F, LDF (RLIN)
a 7
b cbc
c orignew
d 1
e ecip
f 20
g y-gencatlg
942 ## - ADDED ENTRY ELEMENTS (KOHA)
Source of classification or shelving scheme
Koha item type Books - Non Ficton
Holdings
Withdrawn status Lost status Source of classification or shelving scheme Damaged status Not for loan Collection code Permanent Location Current Location Shelving location Date acquired Total Checkouts Full call number Barcode Date last seen Date last checked out Price effective from Koha item type
          Non-Fiction KH8 Primary School Library KH8 Primary School Library Non Fiction 2022-12-30 1 938 YAS KHPL000003277 2025-12-05 2023-01-11 2022-12-30 Books - Non Ficton

Powered By KH8 IT Dept